Things That are Expensive - Statistics

General Stats
  • This quiz has been taken 36 times
  • The average score is 11 of 20
Answer Stats
Clue Answer % Correct
Carbon under high pressure forms this gemstone Diamond
100%
Expensive metal called Aurum in Latin Gold
90%
Maker of watches that features models such as Oyster, Daytona and Submariner Rolex
90%
Another expensive gemstone, but red Ruby
90%
What country has the world most expensive healthcare system? USA
90%
Country who's name translates to Rich Coast Costa Rica
65%
Movie about a wealthy kid, starring Macaulay Culkin Richie Rich
65%
Current (2025) World Champion of the world's most expensive sport is Max Verstappen Formula 1
61%
The most expensive fabric is Vicuña, made from the wool of this animal living in the Andes. Llama
58%
This Swiss city could be translated from German/English to 'Too rich' Zürich
58%
This large bird is very 'rich' Ostrich
55%
Even with all the riches in the world you can't buy this Life, love, health, time, peace, friends, intelligence
52%
The name of this Russian creator of easters eggs for emperors Fabergé
48%
Gaius Appuleius Diocles is the richest athlete ever, earning over 15 billion dollars. Where was he from? Roman Empire
29%
Dennis Tito took an expensive vacation, costing 20 million dollars. Where'd he go to? Space (ISS)
29%
Money, money, money, must be funny, in the rich man's world ABBA
26%
The most expensive currency (not including crypto) is from this middle eastern country Kuwait
26%
At 177 million a piece, this is the world's most expensive (US made) fighter jet Lockheed Martin F-35
26%
Most expensive thing in the world (or 'around' it), costing an approximate 150 billion dollars International Space Sation
13%
Now, that is nothing compared to the most expensive vehicle the armed forces can have. The navy uses it. Nuclear-powered ballistic missile submarines (10-20 billion)
6%
No matching quizzes found
Score Distribution
Percent of People with Each Score
Percentile by Number Answered
Your Score History
You have not taken this quiz